Contre Julien / [por] Cyrille D'Alexandrie ; texte critique, tr. et notes par Paul Burguiére et Pierre Evieux

Na minha lista:
Detalhes bibliográficos
Autor principal: Cyrille D'Alexandrie (autor)
Formato: Livro
Colecção:(Sources Chrétiennes ; 322)
Assuntos:
Tags: Adicionar Tag
Sem tags, seja o primeiro a adicionar uma tag!

MARC

LEADER 00000nam^a2200000^u^4500
001 000545275
005 20250828000000.0
008 060220s1000^^^^^^^^^^^^r^^^^^000^0^spa^d
009 20260310131345.86
035 |a FMI 000014662 
037 |a Acervo Xavier Clavigero 
096 |a 3.1.1/322/A 
100 |a Cyrille D'Alexandrie  |e (autor) 
245 1 0 |a Contre Julien / [por] Cyrille D'Alexandrie ; texte critique, tr. et notes par Paul Burguiére et Pierre Evieux 
264 |a Paris : Du Cerf, 1985 
300 |a v. 
336 |a texto  |b txt  |2 rdacontenido 
337 |a sin mediación  |b n  |2 rdamedio 
338 |a volumen  |b nc  |2 rdasoporte 
440 0 |a (Sources Chrétiennes ;  |v 322) 
597 |a t. I. Livres I et II 
649 |a XX 
650 |a PATROLOGIA 
910 |a Fondo Francisco Migoya Covarrubias S.J. 
920 |a Impresos - Libros 
930 |a Fondos Especiales 
905 |a 134 
901 |a SBC13057  |b IT2  |c ESP  |u 20250521 
902 |a https://opac.biblio.iteso.mx/vufind/Record/000545275